000 00934cam a2200277 u 4500
003 UPN
005 20221124063629.0
008 191023s2000 mx o fr 000 0 spa d
020 _a9706282831
035 _aUPN01000233683
040 _aMX-MxUPN
_bspa
_cMX-MxUPN
050 4 _aJL1250
_bS43 2000
245 0 3 _aLa Secretaría de Gobernación :
_bacción política del gobierno mexicano
250 _aPrimera edición
260 _aMéxico :
_bINEHRM,
_c2000.
300 _a5 volúmenes
500 _aLa biblioteca tiene solamente el v.4.
505 2 _av.4 Población y movimientos migratorios / Luz María Valdés, coordinadora.
610 7 _947120
_aMéxico.
_bSecretaría de Gobernación
_xHistoria
650 7 _947121
_aPolítica de población
_zMéxico
651 4 _aMéxico
_xEmigración e inmigración
_97931
902 _bVíctorGodínez/171022/M
905 _aLibro
942 _2lcc
_cLIBRO
999 _c205778
_d205778